| 000 | 00357 a2200157 4500 | ||
|---|---|---|---|
| 001 | 50536 | ||
| 020 | _a8589598519 | ||
| 040 | _cAnchieta - Bela Vista | ||
| 100 | _aGuimarĂ£es, Beatriz Ribeiro | ||
| 240 | 1 | 0 |
_aO gigante da ilha _lpor |
| 245 | 1 | 0 | _aO gigante da ilha |
| 300 | _a36 | ||
| 362 | 0 | _a2013 | |
| 650 | 4 | _aLiteratura infanto-juvenil | |
| 942 | _cBK | ||
| 999 |
_c50536 _d50536 |
||